<?xml version="1.0" encoding="UTF-8"?>
<record
    xmlns:xsi="http://www.w3.org/2001/XMLSchema-instance"
    xsi:schemaLocation="http://www.loc.gov/MARC21/slim http://www.loc.gov/standards/marcxml/schema/MARC21slim.xsd"
    xmlns="http://www.loc.gov/MARC21/slim">

  <leader>01463    a2200241   4500</leader>
  <controlfield tag="001">57888</controlfield>
  <controlfield tag="005">20260407155838.0</controlfield>
  <controlfield tag="008">260407a1985    arg                 spa d</controlfield>
  <controlfield tag="003">AR-UNSa-BCEJYS</controlfield>
  <datafield tag="040" ind1=" " ind2=" ">
    <subfield code="a">AR-UNSa-BCEJYS</subfield>
    <subfield code="b">spa</subfield>
    <subfield code="c">AR-UNSa-BCEJYS</subfield>
  </datafield>
  <datafield tag="080" ind1=" " ind2=" ">
    <subfield code="a">004.65</subfield>
    <subfield code="x">Sistemas de gesti&#xF3;n de bases de datos (SG-BD)</subfield>
  </datafield>
  <datafield tag="245" ind1="1" ind2="0">
    <subfield code="a">Aplique el dBase II</subfield>
  </datafield>
  <datafield tag="020" ind1=" " ind2=" ">
    <subfield code="a">968-451-761-0</subfield>
  </datafield>
  <datafield tag="264" ind1=" " ind2="1">
    <subfield code="a">M&#xE9;xico :</subfield>
    <subfield code="b">McGraw-Hill</subfield>
    <subfield code="c">1985</subfield>
  </datafield>
  <datafield tag="300" ind1=" " ind2=" ">
    <subfield code="a">221 p.</subfield>
    <subfield code="c">23 cm.</subfield>
  </datafield>
  <datafield tag="505" ind1=" " ind2=" ">
    <subfield code="a">1. Introducci&#xF3;n a dBASE II &#x2013; 2. Instalaci&#xF3;n y puesta en funcionamiento de dBASE II &#x2013; 3. Ficheros, registros y bases de datos &#x2013; 4. Introducci&#xF3;n a la programaci&#xF3;n &#x2013; 5. El dise&#xF1;o del sistema &#x2013; 6. Dise&#xF1;o de los men&#xFA;s &#x2013; 7. Introducci&#xF3;n de registros en una base de datos &#x2013; 8. Edici&#xF3;n de una base de datos &#x2013; 9. Procesamiento basado en transacciones &#x2013; 10. Creaci&#xF3;n de informes con dBASE II &#x2013; 11. Generadores de pantalla &#x2013; 12. Gesti&#xF3;n de ficheros &#x2013; 13. Utilizaci&#xF3;n de dBASE II con ficheros externos y programas de aplicaci&#xF3;n &#x2013; 4. Utilizaci&#xF3;n de dBASE II como un sistema de gesti&#xF3;n de bases de datos tipo red &#x2013; 15. M&#xE9;todos de consulta con dBASE II &#x2013; 16. Depuraci&#xF3;n de programas con dBASE II &#x2013; 17. Utilidades dBASE II &#x2013; 18. Del desarrollo de la producci&#xF3;n </subfield>
  </datafield>
  <datafield tag="041" ind1=" " ind2=" ">
    <subfield code="a">spa</subfield>
  </datafield>
  <datafield tag="942" ind1=" " ind2=" ">
    <subfield code="c">BK</subfield>
  </datafield>
  <datafield tag="590" ind1=" " ind2=" ">
    <subfield code="a">niveau_biblio:m niveau_hierar:0</subfield>
  </datafield>
  <datafield tag="100" ind1="1" ind2=" ">
    <subfield code="a">Townsend, Carl</subfield>
  </datafield>
  <datafield tag="700" ind1="1" ind2=" ">
    <subfield code="a">Bencomo, Sebasti&#xE1;n Dormido</subfield>
  </datafield>
  <datafield tag="700" ind1="1" ind2=" ">
    <subfield code="a">Vaquero S&#xE1;nchez, Antonio</subfield>
  </datafield>
  <datafield tag="999" ind1=" " ind2=" ">
    <subfield code="c">6325</subfield>
    <subfield code="d">6325</subfield>
  </datafield>
  <datafield tag="952" ind1=" " ind2=" ">
    <subfield code="0">0</subfield>
    <subfield code="1">0</subfield>
    <subfield code="4">0</subfield>
    <subfield code="7">0</subfield>
    <subfield code="a">BCEJYS</subfield>
    <subfield code="b">BCEJYS</subfield>
    <subfield code="c">16</subfield>
    <subfield code="d">2026-04-07</subfield>
    <subfield code="l">0</subfield>
    <subfield code="o">004.65 T747</subfield>
    <subfield code="p">L128891</subfield>
    <subfield code="r">2026-04-07 15:58:38</subfield>
    <subfield code="w">2026-04-07</subfield>
    <subfield code="y">L</subfield>
  </datafield>
</record>
